| 000 | 01268cam a22002054a 4500 | ||
|---|---|---|---|
| 005 | 20250605163937.0 | ||
| 008 | 250528s ||||||||||||||||||||||||d | ||
| 035 | _a14890 | ||
| 020 | _a91780225 | ||
| 040 |
_aGR-AtMCL _bgre _dGR-AtMCL _eAACR2 |
||
| 245 | 1 | _aThe Empty Raincoat / Making Sense of the Future | |
| 250 | _a1st | ||
| 260 |
_bHutchinson, _c1994 |
||
| 300 | _a282 | ||
| 520 | _aThe challenge of the future is to find a pathway through the paradoxes. Acknowledgements, The Story Behind the Book, In the Dark Wood: Confused by Paradox, We are not Where We Hoped to Be, The Paradoxes of Our Times, Finding the Balance: Pathways Through Paradox, The Sigmoid Curve, The Doughnut Principle, The Chinese Contract, Practicing the Preaching: Managing Paradox, The Federalist Idea, Twin Citizenship, Subsidiarity, The Meaning of Business, The Corporate Contract, The Membership Business, Redesigning Life, Working Time, Spliced Lives, A State of Justice, The Intelligence Investment, The New Scorecard, The Search for Meaning, Making Sense of Paradox, The Three Senses, A Sense of Continuity, A Sense of Connection, A Sense of Direction, A Postscript, Bibliography, Index. | ||
| 700 | 1 |
_aHandy Charles _9681 |
|
| 942 | _cBK | ||
| 999 |
_c501 _d501 |
||